| 000 | 00901nam a2200241Ia 4500 | ||
|---|---|---|---|
| 005 | 20250108124851.0 | ||
| 008 | 008 250107s9999 xx 000 0 hin d | ||
| 020 | _a978-81-949515-7-5 | ||
| 037 | _aTB | ||
| 040 |
_aCRL _bhin _cCRL |
||
| 041 |
_asah _2hin |
||
| 084 | _aY73:1.933 Q3 | ||
| 084 | _qCRL | ||
| 100 | _aगयावाल, लाला शंकर, ले. | ||
| 245 | 0 |
_aस्वातन्त्रयोत्तर संस्कृत शोध पत्रकारिता _cगयावाल, लाला शंकर, ले. |
|
| 260 |
_aदिल्ली, भारत _bविद्यानिधि प्रकाशन _c2496 |
||
| 300 | _a312पृ0 | ||
| 365 |
_aINR _b200 |
||
| 546 | _aTranslated from Sanskrit to Hindi | ||
| 650 | _aहिन्दी साहित्य | ||
| 942 |
_cTB _hY73:1.933 Q3 |
||
| 999 |
_c1234884 _d1234884 |
||